000 00466nam a2200121Ia 4500
008 171212s9999 xx 000 0 und d
245 _ceditor Chapman, John W.
_aMarkets and Justice
_bNomos XXXI
260 _bNew York University Press
_c1989
440 _aNOMOS - American Society for Political and Legal Philosophy
650 _aBusiness
650 _aCapitalism -- Moral and ethical aspects; Distributive justice
856 _uhttp://www.jstor.org/stable/j.ctt9qfzh5
999 _c351544
_d351544